000 00683nam a2200241Ia 4500
003 OSt
005 20221005115032.0
006 a|||||r|||| 00| 0
007 ta
008 221004b |||||||| |||| 00| 0 eng d
024 _a70318
037 _cTextual
040 _aCRL
_cCRL
_beng
041 _2eng
_aeng
082 _aY131:1:12:253:N3, F6
100 _aGrierson George A.
245 0 _aBihar peasant life, being a discursive catalogue of the surroundings of the people of that province, etc
250 _a2nd
260 _c1926
650 _aSOCIOLOGY
942 _hY131:1:12:253:N3, F6
_cTEXL
_2cc
999 _c1033257
_d1033257